1640 1144 1108 1866 1247 1243 1106 1905 1706 1728 1011 1903 1810 1397 1702 1090 1423 1584 1188 1594 1998 1067 1509 1880 1044 1339 1408 1946 1766 1944 1579 1810 1269 1534 1844 1894 1966 1945 1935 1689 1433 1034 1270 1058 1323 1505 1037 1904 1709 1764 1566 1394 1619 1006 1163 1532 1725 1437 1546 1031 1499 1771 1851 1842 1112 1112 1262 1211 1845 1435 1914 1605 1532 1633 1538 1948 1201 1573 1393 1612 1020 1185 1230 1164 1614 1082 1566 1165 1729 1176 1463 1304 1843 1718 1292 1742 1054 1596 1323 BCNSPRNW ULIB Ver.6.0+V

เปลี่ยนเป็นภาษาไทย

Change to English
 แสดงรายละเอียดบรรณานุกรม
  กลับหน้าหลัก

Brief Record : Get Marc (ISO 2709) : E-mail record : QR code < ปิดหน้าต่าง
LEADER : 00000nam 2200000uu 4500
001    13399127465
003     ULIB
008    200602s2017||||th 000 0 tha d
020    ^a9781506256382 (pbk.)
050  4 ^aPE1128^bL887Be
100 1  ^aLougheed, Lin,^d1946-
245 10 ^aBarron s essential words for the IELTS /^cLin Lougheed
246 30 ^aEssential words for the IELTS
250    ^a3rd ed.
260    ^aHauppauge, N.Y. :^bBarron s Educational Series,^c2017
300    ^a379 p. :^bill. ;^c23 cm. +^e1 CD-ROM
650  0 ^aInternational English Language Testing System^vStudyguides
650  0 ^aEnglish language^vTextbooks for foreign speakers
650  0 ^aEnglish language^xExaminations^vStudy guides
650  0 ^aVocabulary^xExaminations^vStudy guides
653    ^aIELTS
945    ^p0^l0^i28371
999    ^aกัณชพร จุลอักษร
รายการนี้ยังไม่มีแท็ก
คุณยังไม่ได้ล็อกอิน คุณสามารถมีกิจกรรมร่วมกับเว็บไซต์ได้ แต่ต้องล็อกอินก่อน ::
  ล็อกอิน

รายการสื่อสารสนเทศ

ลำดับที่ ประเภท เลขเรียก/บาร์โค้ด สถานที่ สถานะ
1. หนังสือสำรอง
หนังสือสำรอง
PE1128 L887Be ฉ.1 
  Barcode: 28371
ห้องสมุดวิทยาเขตนครสวรรค์
►หนังสือทั่วไป:l:General Books
บนชั้น

BibComment


ยังไม่เคยถูกคอมเมนท์

คอมเมนท์ทรัพยากรรายการนี้
  คอมเมนท์: Barron s essenti..


 Copyright 2026. Bcnsprnw @Library